| 000 | 00433nam a2200181Ia 4500 | ||
|---|---|---|---|
| 001 | 2494 | ||
| 005 | 20260306144811.0 | ||
| 008 | 260306t2011||||xx |||||||||||||| ||spa|| | ||
| 041 | _aESP | ||
| 082 |
_a616.891 _bS743 |
||
| 100 |
_aShein Korbman, Janet _eAUT |
||
| 245 | 0 | _aTerapia para estrés postraumático | |
| 260 | _c2011 | ||
| 300 |
_a183 páginas : _c23 cm. |
||
| 650 | _aGEN | ||
| 654 | _aCPS | ||
| 942 |
_cLIB _dJUS _fJUS _2ddc _n |
||
| 999 |
_c2494 _d2494 |
||